00625nam a2200169 a 4500008004100000050001500041100002100056245003400077260004600111300001400157350000900171650001400180650003400194995008700228999001700315952012300332120416s1977 ||||||||||||||||| || u aHB 821 Sch aSchachter, Oscar10aSharing the world's resources aNew YorkbColombia University Pressc1977 aix, 172p. a0.00 aRESOURCES aNATURAL RESOURCES--MANAGEMENT D0.00FCBU-MAIN LIBRARY (Kitwe)H1I0.00M1UAVAILABLEZAnnex Low-Usage Collection  c57393d57393 00102lcc4070a001b001cAnnex Low-Usage Collection d2022-11-30l0oHB 821 Schp002387r2022-11-30w2022-11-30y002